Les vieux chants populaires scandinaves (gamle nordiske folkeviser) (Record no. 162170)

MARC details
000 -LEADER
campo de control de longitud fija 00866nam a2200217 i 4500
001 - NÚMERO DE CONTROL
campo de control 162170
003 - IDENTIFICADOR DE NÚMERO DE CONTROL
campo de control ES-MaACL
005 - FECHA Y HORA DE LA ÚLTIMA TRANSACCIÓN
campo de control 20250801092654.0
008 - DATOS DE LONGITUD FIJA--INFORMACIÓN GENERAL
campo de control de longitud fija 041102m18981901fr |||| | fre d
040 ## - FUENTE DE CATALOGACIÓN
Centro catalogador/agencia de origen CAM
Lengua de catalogación spa
Centro/agencia transcriptor CAM
080 ## - NÚMERO DE LA CLASIFICACIÓN DECIMAL UNIVERSAL
Número de la Clasificación Decimal Universal 398(48)
100 1# - ENTRADA PRINCIPAL--NOMBRE DE PERSONA
Nombre de persona Pineau, Léon.
9 (RLIN) 92093
245 14 - MENCIÓN DEL TÍTULO
Título Les vieux chants populaires scandinaves (gamle nordiske folkeviser)
Resto del título : étude de littérature comparée /
Mención de responsabilidad, etc. par León Pineau.
260 ## - PUBLICACIÓN, DISTRIBUCIÓN, ETC.
Lugar de publicación, distribución, etc. Paris :
Nombre del editor, distribuidor, etc. Libraire Émile Bouillon, éditeur,
Fecha de publicación, distribución, etc. 1898-1901 (
Fabricante Imp. Durand)
300 ## - DESCRIPCIÓN FÍSICA
Extensión 2 v. (XIV, 336; 584 p.) ;
Dimensiones 25 cm.
505 8# - NOTA DE CONTENIDO CON FORMATO
Nota de contenido con formato Contiene: I ;
Título Époque sauvage: Les chants de Magie - II ;
-- Époque barbare: La légende divine et héroique
650 #7 - PUNTO DE ACCESO ADICIONAL DE MATERIA--TÉRMINO DE MATERIA
Término de materia o nombre geográfico como elemento de entrada Literatura escandinava
Fuente del encabezamiento o término embne
9 (RLIN) 136423
650 #4 - PUNTO DE ACCESO ADICIONAL DE MATERIA--TÉRMINO DE MATERIA
Término de materia o nombre geográfico como elemento de entrada Folklore-
Subdivisión geográfica Escandinavia.
9 (RLIN) 159978
852 ## - LOCALIZACIÓN
Ubicación ES-MaACL
Número de control de estantería F-940-41
Nota libre - Enc. hol.
Holdings
Estatus retirado Estado de pérdida Estado de daño No para préstamo Colección Biblioteca de origen Biblioteca actual Ubicación en estantería Fecha de adquisición Fuente de adquisición Total de préstamos Signatura topográfica completa Código de barras Visto por última vez Precio de reemplazo Tipo de ítem Koha
        Libros del s. XIX Biblioteca del Ateneo de Madrid Biblioteca del Ateneo de Madrid Depósito 2 17/01/2008     F-940-941 1169890 23/02/2023 23/02/2023 Libro impreso antiguo